000 00463nam a2200145Ia 4500
008 211109s9999||||xx |||||||||||||| ||und||
082 _a894.812
_bPAV-S
100 _aPavanan,
245 0 _aSahithia Charcha
260 _bNATIONAL BOOKSTALL
_aKottayam
_c1953
300 _a83p.
630 _xGeneral Stack
650 _aLiterature & rhetoric
_vLiteratures of other languagesAltaic, Uralic, Hyperborean & Dravidianmalayalam literature
_xGeneralia
942 _cBOOK
999 _c19959
_d19959